书目信息 |
| 题名: |
五四爱国运动
|
|
| 作者: | ;中国社会科学院近代史研究所 编 | |
| 分册: | 下 | |
| 出版信息: | 北京 中国社会科学出版社 1979.3 |
|
| 页数: | 566页 | |
| 开本: | 19cm | |
| 丛书名: | ||
| 单 册: | ||
| 中图分类: | K261.1 | |
| 科图分类: | ||
| 主题词: | 中国--历史 | |
| 电子资源: | ||
| ISBN: | ||
| 000 | 00629nam0 2200205 45 | |
| 001 | 0303201134 | |
| 005 | 20060329092348.34 | |
| 010 | @dCNY2.10 | |
| 091 | @a11190.016 | |
| 100 | @a20030320d1979 km y0chiy0120 ea | |
| 101 | 0 | @achi |
| 200 | 1 | @a五四爱国运动@AWu Si Ai Guo Yun Dong@h下@f中国社会科学院近代史研究所编@FZhong Guo She Hui Ke Xue Yuan Jin Dai Shi Yan Jiu Suo Bian |
| 210 | @a北京@c中国社会科学出版社@d1979.3 | |
| 215 | @a566页@d19cm | |
| 300 | @a近代史资料类编 | |
| 606 | 0 | @a中国@x历史 |
| 690 | @aK261.1@v3 | |
| 711 | 0 | @a中国社会科学院近代史研究所@4编 |
| 801 | @aCN@bTSTC@c20060329 | |
| 905 | @f1@b10984@dK261.1@e2:2 | |
| 五四爱国运动.下/中国社会科学院近代史研究所编.-北京:中国社会科学出版社,1979.3 |
| 566页;19cm |
| 近代史资料类编 |
| ISBN :CNY2.10 |
| ● |
| 相关链接 |
|
|
|
|
正题名:五四爱国运动
索取号:K261.1/2:2
 
预约/预借
| 序号 | 登录号 | 条形码 | 馆藏地/架位号 | 状态 | 备注 |
| 1 | 0010984 | 001767341 | 密集书库/ [索取号:K261.1/2:2] | 在馆 |